|
|
|
|
| LEADER |
00000nbm0a2200000 4500 |
| 001 |
197953 |
| 005 |
20231101224803.0 |
| 035 |
|
|
|a (RuTPU)RU\TPU\book\215918
|
| 035 |
|
|
|a RU\TPU\book\215917
|
| 090 |
|
|
|a 197953
|
| 100 |
|
|
|a 20110621d2011 k y0rusy50 ca
|
| 101 |
0 |
|
|a rus
|
| 102 |
|
|
|a RU
|
| 105 |
|
|
|a a m 001zy
|
| 200 |
1 |
|
|a Геохимия, изотопный состав стронция и углерода венд-раннекембрийских карбонатных отложений Тувино-Монгольского микроконтинента
|e диссертация на соискание ученой степени кандидата геолого-минералогических наук
|e спец. 25.00.09
|f И. А. Вишневская
|g Российская академия наук (РАН), Сибирское отделение (СО), Институт геологии и минералогии ; науч. рук. Е. Ф. Летникова
|
| 210 |
|
|
|a Новосибирск
|d 2011
|
| 215 |
|
|
|a 131 л.
|c ил.
|
| 300 |
|
|
|a Защищена 31.05.2011 г.
|
| 320 |
|
|
|a Библиогр.: с. 106-118 (136 назв.).
|
| 606 |
1 |
|
|a Горные породы, карбонатные
|x Минералогический состав
|2 stltpush
|3 (RuTPU)RU\TPU\subj\8120
|9 35606
|
| 610 |
1 |
|
|a Тувино-Монгольский микроконтинент
|
| 610 |
1 |
|
|a венд-кембрийские отложения
|
| 610 |
1 |
|
|a строение
|
| 610 |
1 |
|
|a геологические особенности
|
| 610 |
1 |
|
|a стронций
|
| 610 |
1 |
|
|a углерод
|
| 610 |
1 |
|
|a кислород
|
| 610 |
1 |
|
|a геохимия
|
| 610 |
1 |
|
|a изотопный состав
|
| 610 |
1 |
|
|a хемостратиграфия
|
| 610 |
1 |
|
|a диссертации
|
| 675 |
|
|
|a 552.54(04)
|v 3
|
| 686 |
|
|
|a 25.00.09
|2 oksvnk
|
| 700 |
|
1 |
|a Вишневская
|b И. А.
|g Ирина Андреевна
|
| 702 |
|
1 |
|a Летникова
|b Е. Ф.
|g Елена Феликсовна
|4 727
|
| 712 |
0 |
2 |
|a Российская академия наук (РАН)
|b Сибирское отделение (СО)
|b Институт геологии и минералогии
|2 stltpush
|3 (RuTPU)RU\TPU\col\11925
|
| 801 |
|
1 |
|a RU
|b 63413507
|c 20110621
|
| 801 |
|
2 |
|a RU
|b 63413507
|c 20110825
|g RCR
|
| 942 |
|
|
|c BK
|